000 00612nam a2200229Ia 4500
001 14224
003 GE_BSU
008 181216s||||||||xx |||||||||||||| ||und||
020 _a020135747X
040 _cGE_BSU
080 _a004.42
100 _aBrookshear,Gleen J.
245 _aComputer science an overview
260 _aNew York
260 _bAddison Wesley
260 _c2000
300 _a690p.ill.23cm.
653 _aComputer science an overview
653 _aინფორმატიკა
653 _aსაინფორმაციო ტექნოლოგიები
942 _cBK
999 _c47363
_d47363